000 00987nam a2200301 i 4500
001 000012666
003 DO-SdBNP
005 20251120104055.0
007 ta
008 091116s2005 dr 000 f spa d
020 _a9993455830
040 _aDO-SdBNP
_bspa
_cBNPHU
_erda
041 _aspa
082 4 _aRD863.44
_bP438t
_222
100 1 _aPérez Méndez, Artagnan,
_d1929-2017
_eautor
_4aut.
_977104
245 1 3 _aEl testamento de don Geraldo /
_cArtagnan Pérez Méndez ; presentación, José Miguel Soto Jiménez.
250 _aPrimera edición
264 1 _aSanto Domingo, República Dominicana :
_bEditora Corripio,
_c2005.
300 _a255 páginas ;
_c23 cm.
336 _atexto
_btxt
_2rdacontent
337 _asin mediación
_bn
_2rdamedia
338 _avolumen
_bnc
_2rdacarrier
590 _aInventariado, 2020/MAA
650 4 _aNovela dominicana
_9223
650 4 _aLiteratura dominicana.
_967
910 _aValidado. Control de calidad MMOLINA
942 _2ddc
_cLBS1
999 _c12317
_d12317